The arabs in Israel 1948-1966

সংরক্ষণ করুন:
গ্রন্থ-পঞ্জীর বিবরন
প্রধান লেখক: Jiryis, Sabri (Author)
বিন্যাস: গ্রন্থ
ভাষা:ইংরেজি
প্রকাশিত: Beirut The Institute for Palestine Studies 1969
মালা:Monograph Series, 16
বিষয়গুলি:
ট্যাগগুলো: ট্যাগ যুক্ত করুন
কোনো ট্যাগ নেই, প্রথমজন হিসাবে ট্যাগ করুন!

MARC

LEADER 00000nam a2200000 a 4500
001 UCL2981
003 CL-VaPUC
008 031114e19690000LE |||||||||||||||||eng|d
082 0 4 |a 956.04  |b JIR  |2 21 
100 0 |a Jiryis, Sabri  |e author  |9 480218 
245 1 4 |a The arabs in Israel 1948-1966 
300 |a 180 p 
942 |c BK 
945 |d 20031114 00:00:00  |a rbrito 
260 |a Beirut  |b The Institute for Palestine Studies  |c 1969 
650 0 |a Árabes  |9 316264 
650 0 |a Palestinos  |9 389415 
650 0 |a Interacción social   |9 307764 
650 0 |a Movimientos políticos   |9 338922 
650 7 |a OPOSICION POLITICA  |2 CL-VaPUC  |9 378078 
651 0 |a Palestina  |9 324189 
651 0 |a Israel  |9 314378 
583 |a last modification  |c 20031114 00:00:00  |k Rodrigo Vera 
490 0 |a Monograph Series, 16 
999 |c 306138  |d 306136 
952 |0 0  |1 0  |4 0  |6 956_040000000000000_JIR_1969  |7 0  |8 P  |9 370900  |a BIBDER  |b BIBDER  |d 2019-11-21  |i 3958981  |o 956.04 JIR 1969  |p 3958981  |r 2023-01-25  |w 2019-11-21  |y BK  |k DER